000 01123nam a2200313 i 4500
001 12571
003 KOSZ 005
005 20220317111826.0
008 070729s1970 pl f 000 0 pol
015 _aPB 1970/4787
040 _aWA N
_cWA N
_dKOSZ 005/RW
_dKOSZ 005/HR
080 _a351.83(438)
100 1 _aJaśkiewicz, Wiktor
_d(1912-2003)
_eAutor
245 1 0 _aPrawo pracy :
_bzarys wykładu /
_cWiktor Jaśkiewicz, Czesław Jackowiak, Włodzimierz Piotrowski.
260 _aWarszawa :
_bPaństwowe Wydawnictwo Naukowe,
_c1970.
300 _a414, [2] s. ;
_c25 cm.
380 _aKsiążki
388 _a1901-2000
388 _a1945-1989
650 7 _aPrawo pracy
651 7 _aPolska
655 4 _aPodręcznik
658 _aPrawo i wymiar sprawiedliwości
700 1 _aJackowiak, Czesław
_d(1923-1994)
_eAutor
700 1 _aPiotrowski, Włodzimierz
_d(1931-2014)
_eAutor
710 2 _aPaństwowe Wydawnictwo Naukowe
_4pbl.
856 _uhttp://koha.tu.koszalin.pl/cgi-bin/koha/opac-detail.pl?biblionumber=12571
_yKatalog online BPK
942 _2UKD
_cKS
999 _c12571
_d12571